Statistics for Top 15 Countries with Covid-19 Deaths - 11 August 2021

Click here to take the quiz!

General Stats

  • This quiz has been taken 20 times
  • The average score is 13 of 25

Answer Stats

country% Correct
United Kingdom
100%
United States
100%
India
95%
Brazil
85%
Germany
85%
Italy
85%
France
80%
Russia
80%
Spain
80%
Mexico
75%
Peru
60%
Argentina
55%
Indonesia
55%
Iran
50%
Colombia
45%
Paraguay
25%
Bosnia and
Herzegovina
15%
Croatia
15%
Czechia
15%
Hungary
15%
North Macedonia
15%
Slovakia
15%
Slovenia
15%
Belgium
10%
Bulgaria
10%

Score Distribution

Percentile by Number Answered

Percent of People with Each Score

Your Score History

You have not taken this quiz